ORTH Štefan z krajiny do krajiny : 3.8.-10.9.2023 Záhorská galéria Jána Mudrocha v Senici, Záhorské osvetové stredisko v Senici

Bibliographic Details
Main Author: Juríčková, Božena, 1955- (Author, Curator)
Other Authors: Holický, Vladimír (Photographer)
Format: Book
Language:Slovak
Czech
PhysicalDescription:45 strán fotografie, portréty 30 cm
Published: Senica Záhorská galéria Jána Mudrocha v Senici 2023
ISBN:9788089724468
Subjects:

MARC

LEADER 00000nam a2200000 4500
001 vtls012264366
003 SK-MaSNL
005 20260331212528.0
008 240927s2023 xo oc g c 000 0dslo
015 |a SNBE2024 
020 |a 9788089724468  |q (brožované) 
040 |a SNK  |b slo  |c SNK  |e rda 
041 0 |a slo  |a cze 
043 |a e-xo--- 
044 |a xo  |c SK 
072 7 |a 72/76  |x Výtvarné umenie  |2 konspekt 
080 |a 75(437.6)  |2 2011 
080 |a 741/744(437.6)  |2 2011 
080 |a 7.036/.038  |2 2011 
080 |a (437.6)  |2 2011 
080 |a (083.824)  |2 2011 
100 1 |a Orth, Štefan,  |d 1943-  |4 art  |9 512738 
245 1 0 |a ORTH Štefan  |b z krajiny do krajiny : 3.8.-10.9.2023 Záhorská galéria Jána Mudrocha v Senici, Záhorské osvetové stredisko v Senici  |c kurátorka výstavy, autorka publikácie: Božena Juríčková 
246 3 0 |a Z krajiny do krajiny 
264 1 |a Senica  |b Záhorská galéria Jána Mudrocha v Senici  |c 2023 
300 |a 45 strán  |b fotografie, portréty  |c 30 cm 
336 |a text  |b txt  |2 rdacontent 
336 |a statický obraz  |b sti  |2 rdacontent 
337 |a bez média  |b n  |2 rdamedia 
338 |a zväzok  |b nc  |2 rdacarrier 
366 |e 300 kusov 
546 |a Čiastočný text v češtine 
600 1 7 |a Orth, Štefan  |d 1943-  |2 SNKMA  |9 512738 
648 7 |a 20.-21. storočie  |2 SNKPH  |9 302531 
648 7 |a 20th-21st centuries  |2 SNKPHeng  |9 285312 
650 0 7 |a slovenské maliarstvo  |2 SNKPH  |9 3124 
650 0 7 |a slovenská kresba  |2 SNKPH  |9 88536 
650 0 7 |a moderné umenie  |2 SNKPH  |9 68456 
650 0 7 |a Slovak painting  |2 SNKPHeng  |9 302574 
650 0 7 |a Slovak drawing  |2 SNKPHeng  |9 314850 
650 0 7 |a Modern art  |2 SNKPHeng  |9 294689 
651 7 |a Slovensko  |2 SNKPH  |9 14231 
651 7 |a Slovakia  |2 SNKPHeng  |9 92630 
655 7 |a katalógy výstav  |2 SNKPH  |9 70445 
655 7 |a Exhibition catalogs  |2 SNKPHeng  |9 266232 
700 1 |a Juríčková, Božena,  |d 1955-  |4 cur  |4 aut  |9 109016 
700 1 |a Holický, Vladimír  |4 pht  |9 44283 
700 1 |a Mikula, Milan,  |d 1963-  |4 bkd  |9 312005 
852 |a Slovenská národná knižnica 
919 |a 978-80-89724-46-8 
954 |a obrazové publikácie zamerané na výtvarné umenie a fotografiu pôvodné (slovenské)  |2 lita 
999 |c 960250  |d 962180 
952 |a SNK  |b SNK  |y PREZ  |7 0  |p 17A1553042  |o snkOSB 21501  |i snk2024/15007  |8 0  |0 0  |1 0  |4 0  |d 2024-09-27  |l 0  |r 2026-02-24 10:16:51  |w 2026-02-24